Multifunkčná architektúra

Salvato in:
Dettagli Bibliografici
Autore principale: Mihelová, Andrea (Autore)
Altri autori: Hlaváček, Michal (Relatore della tesi)
Natura: Manoscritto Libro
Lingua:slovacco
Pubblicazione: 2019
Soggetti:
Accesso online:http://is.stuba.sk/zp/portal_zp.pl?podrobnosti=146066
https://opac.crzp.sk/?fn=detailBiblioForm&sid=1207FF88EADD70B1DCCDAA0BD7FD
Tags: Aggiungi Tag
Nessun Tag, puoi essere il primo ad aggiungerne!!

MARC

LEADER 00000ntm a22000003a 4500
001 stuzp72823
003 SK-STU
005 20230607112350.3
007 ta
008 150427s2015----xo-----f-mn---000-0-slo-d
040 |a STU  |b slo 
041 0 |a slo 
100 1 |a Mihelová, Andrea  |u 010310  |k Z4  |4 aut  |U SvF Stavebná fakulta  |T SvF Katedra architektúry  |X 63282  |U V181|V310  |Y 19  |7 63282 
242 0 1 |a Multifunctional Architecture  |y eng 
245 1 0 |a Multifunkčná architektúra 
260 |c 2019 
650 4 |a multifunkčná architektúra  |2 slo 
650 4 |a coworking priestory  |2 slo 
650 4 |a Inovatívne centrum  |2 slo 
650 4 |a verejný priestor  |2 slo 
650 4 |a multifunctional architecture  |2 eng 
650 4 |a coworking spaces  |2 eng 
650 4 |a public space  |2 eng 
700 1 |a Hlaváček, Michal  |4 ths  |X 99472  |7 99472 
856 4 |u http://is.stuba.sk/zp/portal_zp.pl?podrobnosti=146066 
856 4 |u https://opac.crzp.sk/?fn=detailBiblioForm&sid=1207FF88EADD70B1DCCDAA0BD7FD